000 00312nam a22001217a 4500
999 _c3397
_d3397
005 20201130155225.0
008 201130b ||||| |||| 00| 0 eng d
020 _a1842700227
040 _cCML
245 _aNight Riders.
_cRoberts M.
260 _aLondon
_bAndersen
_c2001
942 _2ddc
_cBK
_e1st Edition
_kF/ROB
_mROB